| 000 | 00724nam a22002177a 4500 | ||
|---|---|---|---|
| 003 | OSt | ||
| 005 | 20260310032320.0 | ||
| 008 | 260310b |||||||| |||| 00| 0 eng d | ||
| 020 | _a9780330504225 | ||
| 040 |
_aDWCL-Main Lib _cOC |
||
| 082 |
_2revised edition _aProf. 658.403 Ad191 2009 |
||
| 100 | _aAdair, John | ||
| 245 | _aEffective decision making : the essential guide to thinking for management success | ||
| 260 |
_aLondon : _bPan Books, _cc 2009 |
||
| 300 |
_axii , 191 pages : _b illustrations ; _c20 cm. |
||
| 504 | _a1. Includes index. | ||
| 650 | _aControl and Quality management. | ||
| 650 | _aDecision making. | ||
| 650 | _aPlanning and policy making. | ||
| 942 |
_2ddc _cPROF. _erevised edition _mProf. _n0 |
||
| 999 |
_c8839 _d8839 |
||